[Event "Panchenko Memorial-B 2021"]
[Site "Chelyabinsk"]
[Date "2021.09.19"]
[Round "8.5"]
[White "Gevorgyan, Maria"]
[Black "Lysenko, Margarita"]
[Result "0-1"]
[WhiteElo "2233"]
[BlackElo "2207"]
[Annotator "NA"]
[PlyCount "88"]
[EventDate "2021.09.13"]
[EventType "swiss"]
[EventCountry "RUS"]
[SourceTitle "playchess.com"]
[Source "ChessBase"]
[SourceQuality "1"]
[TimeControl "5400+30"]

1. e4 {[%emt 0:00:01]} c5 {[%emt 0:00:09]} 2. Nc3 {[%emt 0:00:06]} d6 {[%emt 0:00:12]} 3. d4 {[%emt 0:00:05]} cxd4 {[%emt 0:00:10]} 4. Qxd4 {[%emt 0:00:05]} a6 {[%emt 0:00:14]} 5. b3 {[%emt 0:00:08]} e5 {[%emt 0:00:20]} 6. Qd3 {[%emt 0:02:55]} Nf6 {[%emt 0:03:42]} 7. Bb2 $11 {[%emt 0:05:11]} Nbd7 {[%emt 0:06:03]} 8. O-O-O {[%emt 0:06:57]} Be7 {[%emt 0:09:34]} 9. Kb1 {[%emt 0:01:58]} O-O {[%emt 0:01:02]} 10. g3 {[%emt 0:02:48]} b5 {[%emt 0:00:33]} 11. f4 {[%emt 0:06:39]} Bb7 {[%emt 0:11:24]} 12. Qe3 {[%emt 0:09:10]} b4 {[%emt 0:03:01]} 13. Nd5 {[%emt 0:00:23]} Nxd5 {[%emt 0:01:28]} 14. exd5 {[%emt 0:00:05]} Bf6 {[%emt 0:02:56]} 15. Qe4 {[%emt 0:19:56]} a5 {[%emt 0:05:35]} 16. Nf3 {[%emt 0:04:37]} Nc5 {[%emt 0:05:40]} 17. Qf5 {[%emt 0:09:10]} Bc8 {[%emt 0:29:51]} 18. Qh5 {[%emt 0:00:28]} exf4 {[%emt 0:03:07]} 19. Nd4 {[%emt 0:02:17]} Bd7 {[%emt 0:00:46]} 20. gxf4 {[%emt 0:10:04]} a4 {[%emt 0:02:45]} 21. Rg1 {[%emt 0:02:07]} axb3 {[%emt 0:00:36]} 22. axb3 {[%emt 0:00:01]} g6 {[%emt 0:06:23]} 23. Qh6 {[%emt 0:02:09]} Qa5 {[%emt 0:00:51]} 24. Bc4 {[%emt 0:00:44]} Ne4 {[%emt 0:01:36]} 25. Kc1 {[%emt 0:02:31]} Nc3 {[%emt 0:00:22]} 26. Rd3 {[%emt 0:01:56]} Qc5 {[%emt 0:01:33]} 27. Rgd1 {[%emt 0:07:30]} Ra2 {[%emt 0:01:26]} 28. Ne6 {[%emt 0:02:17]} Bxe6 {[%emt 0:01:43]} 29. dxe6 {[%emt 0:00:01]} Bg7 {[%emt 0:00:32]} 30. exf7+ {[%emt 0:01:50]} Kh8 {[%emt 0:00:03]} 31. Qh4 {[%emt 0:01:16]} Rxb2 {[%emt 0:00:23]} 32. Kxb2 {[%emt 0:00:32]} Nxd1+ {[%emt 0:00:58]} 33. Kc1 {[%emt 0:00:00]} Nc3 {[%emt 0:00:32]} 34. Qe1 {[%emt 0:00:02]} Na2+ {[%emt 0:01:00]} 35. Kd1 {[%emt 0:00:03]} Qh5+ {[%emt 0:00:10]} 36. Kd2 {[%emt 0:00:23]} Qxh2+ {[%emt 0:00:30]} 37. Ke3 {[%emt 0:00:24]} Qh3+ {[%emt 0:00:44]} 38. Ke2 {[%emt 0:01:20]} Nc3+ {[%emt 0:00:46]} 39. Kd2 {[%emt 0:00:05]} Qg2+ {[%emt 0:00:27]} 40. Kc1 {[%emt 0:00:01]} Qa8 {[%emt 0:00:31]} 41. Kd2 {[%emt 0:00:10]} Ne4+ {[%emt 0:00:12]} 42. Ke3 {[%emt 0:00:10]} Nc5 {[%emt 0:00:19]} 43. Rxd6 {[%emt 0:01:15]} Qe4+ {[%emt 0:00:13]} 44. Kf2 {[%emt 0:00:04]} Qxf4+ {[%emt 0:00:05]} 0-1

[Event "Panchenko Memorial-B 2021"]
[Site "Chelyabinsk"]
[Date "2021.09.20"]
[Round "9.1"]
[White "Kovanova, Baira"]
[Black "Lysenko, Margarita"]
[Result "1/2-1/2"]
[WhiteElo "2310"]
[BlackElo "2207"]
[Annotator "NA"]
[PlyCount "111"]
[EventDate "2021.09.13"]
[EventType "swiss"]
[EventCountry "RUS"]
[SourceTitle "playchess.com"]
[Source "ChessBase"]
[SourceQuality "1"]
[TimeControl "5400+30"]

1. e4 {[%emt 0:00:02]} c5 {[%emt 0:00:08]} 2. Nf3 {[%emt 0:00:05]} d6 {[%emt 0:00:14]} 3. d4 {[%emt 0:00:05]} cxd4 {[%emt 0:00:12]} 4. Nxd4 {[%emt 0:00:02]} Nf6 {[%emt 0:00:12]} 5. Nc3 {[%emt 0:00:06]} a6 {[%emt 0:00:05]} 6. Be3 {[%emt 0:00:13]} e5 {[%emt 0:00:20]} 7. Nf3 {[%emt 0:00:15]} Be7 {[%emt 0:01:33]} 8. Bc4 {[%emt 0:00:06]} O-O {[%emt 0:04:50]} 9. O-O {[%emt 0:01:17]} Qc7 {[%emt 0:14:49]} 10. Bb3 {[%emt 0:00:55]} Nc6 {[%emt 0:12:10]} 11. Qe2 {[%emt 0:01:32]} Na5 {[%emt 0:06:47]} 12. Bg5 {[%emt 0:03:01]} Nxb3 {[%emt 0:09:46]} 13. cxb3 {[%emt 0:00:36]} Be6 {[%emt 0:01:05]} 14. Bxf6 {[%emt 0:01:35]} Bxf6 {[%emt 0:00:08]} 15. Rfd1 {[%emt 0:00:12]} Rac8 {[%emt 0:02:13]} 16. Nd5 {[%emt 0:01:40]} Bxd5 {[%emt 0:00:34]} 17. Rxd5 {[%emt 0:00:06]} Be7 {[%emt 0:01:39]} 18. Rd3 {[%emt 0:00:40]} Qc2 {[%emt 0:06:43]} 19. Rd2 {[%emt 0:02:11]} Qc5 $14 {[%emt 0:01:30]} 20. Ne1 {[%emt 0:03:06]} g6 {[%emt 0:03:17]} 21. Rd3 {[%emt 0:11:20]} Rc6 {[%emt 0:08:51]} 22. Rd5 {[%emt 0:06:29]} Qb6 {[%emt 0:03:26]} 23. Nc2 {[%emt 0:02:54]} Rfc8 {[%emt 0:00:27]} 24. Ne3 {[%emt 0:01:16]} Rc1+ {[%emt 0:03:09]} 25. Rd1 {[%emt 0:10:06]} Rxa1 {[%emt 0:00:16]} 26. Rxa1 {[%emt 0:00:01]} Qc6 {[%emt 0:02:03]} 27. Nd5 {[%emt 0:03:32]} Bd8 {[%emt 0:00:31]} 28. Rd1 {[%emt 0:03:46]} Qc2 {[%emt 0:02:37]} 29. Kf1 {[%emt 0:01:05]} Qxe2+ {[%emt 0:04:22]} 30. Kxe2 {[%emt 0:00:05]} Kf8 {[%emt 0:01:13]} 31. Kd3 {[%emt 0:01:38]} Ke8 {[%emt 0:00:37]} 32. f3 {[%emt 0:02:00]} Kd7 {[%emt 0:01:06]} 33. b4 {[%emt 0:00:39]} Ke6 {[%emt 0:00:47]} 34. a4 {[%emt 0:02:47]} h5 {[%emt 0:04:04]} 35. Ra1 {[%emt 0:02:59]} Kd7 {[%emt 0:03:47]} 36. b5 {[%emt 0:01:55]} axb5 {[%emt 0:00:59]} 37. axb5 {[%emt 0:00:06]} Rb8 {[%emt 0:01:27]} 38. Ra7 {[%emt 0:02:54]} Ke6 {[%emt 0:00:39]} 39. b6 {[%emt 0:01:41]} Kd7 {[%emt 0:00:39]} 40. b4 {[%emt 0:02:34]} Kc6 {[%emt 0:00:20]} 41. Kc4 {[%emt 0:00:11]} Rc8 {[%emt 0:00:41]} 42. b5+ {[%emt 0:00:09]} Kd7+ {[%emt 0:00:07]} 43. Kb4 {[%emt 0:00:04]} Rb8 {[%emt 0:00:08]} 44. Ka5 {[%emt 0:01:03]} Bg5 {[%emt 0:00:42]} 45. Nc7 {[%emt 0:05:09]} Kc8 {[%emt 0:00:18]} 46. Nd5 {[%emt 0:08:13]} Bd2+ {[%emt 0:00:46]} 47. Ka4 {[%emt 0:00:05]} Be1 {[%emt 0:00:28]} 48. Kb3 {[%emt 0:02:47]} Bf2 {[%emt 0:00:07]} 49. Kc4 {[%emt 0:00:31]} Kd7 {[%emt 0:00:47]} 50. Kd3 {[%emt 0:00:36]} Bc5 {[%emt 0:00:31]} 51. g4 {[%emt 0:02:39]} Ke6 {[%emt 0:01:06]} 52. g5 {[%emt 0:01:50]} Kd7 {[%emt 0:00:21]} 53. Ke2 {[%emt 0:02:01]} Bd4 {[%emt 0:00:14]} 54. Kf1 {[%emt 0:00:54]} Bc5 {[%emt 0:00:11]} 55. Kg2 {[%emt 0:01:05]} Bd4 {[%emt 0:00:10]} 56. Kf1 {[%emt 0:01:03]} 1/2-1/2

[Event "Panchenko Memorial-B 2021"]
[Site "Chelyabinsk"]
[Date "2021.09.20"]
[Round "9.2"]
[White "Nurgali, Nazerke"]
[Black "Charochkina, Daria"]
[Result "1/2-1/2"]
[WhiteElo "2247"]
[BlackElo "2307"]
[Annotator "NA"]
[PlyCount "85"]
[EventDate "2021.09.13"]
[EventType "swiss"]
[EventCountry "RUS"]
[SourceTitle "playchess.com"]
[Source "ChessBase"]
[SourceQuality "1"]
[TimeControl "5400+30"]

1. d4 {[%emt 0:00:06]} Nf6 {[%emt 0:01:14]} 2. c4 {[%emt 0:00:13]} e6 {[%emt 0:00:21]} 3. Nf3 {[%emt 0:00:29]} b6 {[%emt 0:00:05]} 4. g3 {[%emt 0:00:22]} Nc6 {[%emt 0:00:04]} 5. Bg2 {[%emt 0:00:28]} Bb4+ {[%emt 0:00:29]} 6. Bd2 {[%emt 0:00:37]} Bxd2+ {[%emt 0:03:38]} 7. Nbxd2 {[%emt 0:01:28]} Rb8 {[%emt 0:00:11]} 8. O-O {[%emt 0:01:54]} O-O {[%emt 0:00:12]} 9. a3 {[%emt 0:03:35]} a5 {[%emt 0:01:41]} 10. Qc2 {[%emt 0:02:29]} d6 {[%emt 0:11:02]} 11. Rad1 {[%emt 0:07:49]} Bd7 {[%emt 0:04:47]} 12. Nb1 {[%emt 0:06:12]} e5 {[%emt 0:07:38]} 13. dxe5 $14 {[%emt 0:02:53]} dxe5 {[%emt 0:00:28]} 14. Nc3 {[%emt 0:00:36]} Re8 {[%emt 0:19:47]} 15. e3 {[%emt 0:09:16]} h6 {[%emt 0:07:09]} 16. Nh4 {[%emt 0:07:00]} Qc8 {[%emt 0:04:36]} 17. Nd5 {[%emt 0:01:56]} Nxd5 {[%emt 0:00:48]} 18. cxd5 {[%emt 0:00:04]} Na7 {[%emt 0:07:11]} 19. Rc1 {[%emt 0:06:07]} Nb5 {[%emt 0:00:13]} 20. Rfd1 {[%emt 0:01:59]} Qd8 {[%emt 0:02:00]} 21. Bf1 {[%emt 0:00:41]} Rb7 {[%emt 0:00:54]} 22. Nf3 {[%emt 0:06:11]} Nd6 {[%emt 0:02:45]} 23. Nd2 {[%emt 0:00:09]} e4 {[%emt 0:07:02]} 24. Nc4 {[%emt 0:03:16]} Nf5 {[%emt 0:03:07]} 25. Bg2 {[%emt 0:00:19]} Qe7 {[%emt 0:00:22]} 26. Qb3 {[%emt 0:00:19]} a4 {[%emt 0:00:46]} 27. Qc2 {[%emt 0:01:38]} Ra7 {[%emt 0:00:54]} 28. Nd2 {[%emt 0:05:41]} Nd6 {[%emt 0:00:09]} 29. Nb1 {[%emt 0:00:40]} Bb5 {[%emt 0:00:28]} 30. Bf1 {[%emt 0:00:25]} Bxf1 {[%emt 0:00:45]} 31. Kxf1 {[%emt 0:00:32]} Qd7 32. Rd4 {[%emt 0:02:12]} Ra5 {[%emt 0:04:28]} 33. Kg2 {[%emt 0:03:34]} Rc5 {[%emt 0:03:22]} 34. Qd1 {[%emt 0:01:01]} Rxc1 {[%emt 0:02:47]} 35. Qxc1 {[%emt 0:00:04]} Re5 {[%emt 0:00:20]} 36. Nc3 {[%emt 0:02:42]} b5 {[%emt 0:00:55]} 37. Qd1 {[%emt 0:00:35]} Qf5 {[%emt 0:01:22]} 38. Rb4 {[%emt 0:04:46]} Qd7 {[%emt 0:00:52]} 39. Qc2 {[%emt 0:04:13]} c5 {[%emt 0:00:40]} 40. dxc6 {[%emt 0:02:08]} Qxc6 {[%emt 0:00:01]} 41. Rd4 {[%emt 0:00:16]} Re6 {[%emt 0:00:10]} 42. Qe2 {[%emt 0:00:41]} Re5 {[%emt 0:00:21]} 43. Qc2 {[%emt 0:00:30]} 1/2-1/2

[Event "Panchenko Memorial-B 2021"]
[Site "Chelyabinsk"]
[Date "2021.09.20"]
[Round "9.3"]
[White "Goltseva, Ekaterina"]
[Black "Borisova, Ekaterina"]
[Result "1-0"]
[WhiteElo "2286"]
[BlackElo "2276"]
[Annotator "NA"]
[PlyCount "67"]
[EventDate "2021.09.13"]
[EventType "swiss"]
[EventCountry "RUS"]
[SourceTitle "playchess.com"]
[Source "ChessBase"]
[SourceQuality "1"]
[TimeControl "5400+30"]

1. c4 {[%emt 0:01:13]} Nf6 {[%emt 0:00:09]} 2. Nf3 {[%emt 0:00:05]} e6 {[%emt 0:00:30]} 3. e3 {[%emt 0:00:12]} c5 {[%emt 0:00:05]} 4. b3 {[%emt 0:04:09]} Be7 {[%emt 0:00:21]} 5. Bb2 {[%emt 0:00:20]} b6 {[%emt 0:00:30]} 6. Be2 {[%emt 0:05:38]} Bb7 {[%emt 0:00:06]} 7. O-O {[%emt 0:01:58]} Qc7 {[%emt 0:01:55]} 8. d4 {[%emt 0:13:08]} d6 {[%emt 0:01:20]} 9. Nc3 {[%emt 0:00:38]} a6 {[%emt 0:00:17]} 10. Rc1 {[%emt 0:03:14]} Nbd7 {[%emt 0:00:06]} 11. Nd2 {[%emt 0:04:19]} O-O {[%emt 0:01:42]} 12. f4 $11 {[%emt 0:06:14]} d5 {[%emt 0:05:56]} 13. cxd5 {[%emt 0:06:47]} exd5 {[%emt 0:01:41]} 14. Nf3 {[%emt 0:06:22]} b5 {[%emt 0:05:30]} 15. a4 {[%emt 0:06:00]} b4 {[%emt 0:12:09]} 16. Nb1 {[%emt 0:00:17]} Qb6 {[%emt 0:01:53]} 17. Ne5 {[%emt 0:04:31]} Nxe5 {[%emt 0:08:07]} 18. dxe5 {[%emt 0:00:19]} Ne4 {[%emt 0:00:04]} 19. Nd2 {[%emt 0:01:51]} f5 {[%emt 0:05:59]} 20. Nxe4 {[%emt 0:04:46]} fxe4 {[%emt 0:00:06]} 21. Qe1 {[%emt 0:09:36]} d4 {[%emt 0:08:28]} 22. Bc4+ {[%emt 0:00:12]} Kh8 {[%emt 0:00:04]} 23. Rd1 {[%emt 0:00:18]} Rad8 {[%emt 0:00:15]} 24. Qf2 {[%emt 0:01:18]} d3 {[%emt 0:07:43]} 25. f5 {[%emt 0:02:16]} Bd5 {[%emt 0:02:01]} 26. f6 {[%emt 0:04:35]} Bxc4 {[%emt 0:00:48]} 27. bxc4 {[%emt 0:03:13]} Rf7 {[%emt 0:04:47]} 28. fxe7 {[%emt 0:01:57]} Rxf2 {[%emt 0:00:05]} 29. exd8=Q+ {[%emt 0:00:05]} Qxd8 {[%emt 0:00:05]} 30. Rxf2 {[%emt 0:00:04]} h6 {[%emt 0:00:21]} 31. e6 {[%emt 0:00:45]} Qg5 {[%emt 0:01:13]} 32. Rf4 {[%emt 0:00:14]} Qh5 {[%emt 0:00:25]} 33. Rd2 {[%emt 0:00:18]} Qe8 {[%emt 0:00:57]} 34. Rxe4 {[%emt 0:01:02]} 1-0

[Event "Panchenko Memorial-B 2021"]
[Site "Chelyabinsk"]
[Date "2021.09.20"]
[Round "9.4"]
[White "Zherebtsova, Alexandra"]
[Black "Zhapova, Yana"]
[Result "0-1"]
[WhiteElo "2246"]
[BlackElo "2212"]
[Annotator "NA"]
[PlyCount "104"]
[EventDate "2021.09.13"]
[EventType "swiss"]
[EventCountry "RUS"]
[SourceTitle "playchess.com"]
[Source "ChessBase"]
[SourceQuality "1"]
[TimeControl "5400+30"]

1. c4 {[%emt 0:06:26]} e6 {[%emt 0:00:11]} 2. Nc3 {[%emt 0:00:31]} d5 {[%emt 0:00:11]} 3. d4 {[%emt 0:00:30]} c6 {[%emt 0:00:07]} 4. cxd5 {[%emt 0:01:20]} exd5 {[%emt 0:00:09]} 5. Bf4 {[%emt 0:00:18]} Bf5 {[%emt 0:02:15]} 6. e3 {[%emt 0:01:23]} Nf6 {[%emt 0:00:24]} 7. Nge2 {[%emt 0:01:00]} Nbd7 {[%emt 0:05:50]} 8. Ng3 {[%emt 0:01:07]} Bg6 {[%emt 0:00:43]} 9. h4 {[%emt 0:01:12]} h5 {[%emt 0:01:33]} 10. Bd3 {[%emt 0:00:26]} Bxd3 $1 {[%emt 0:05:36]} 11. Qxd3 {[%emt 0:00:12]} Nb6 {[%emt 0:01:49]} 12. Bg5 {[%emt 0:08:01]} Be7 {[%emt 0:07:54]} 13. Nf5 {[%emt 0:03:02]} g6 {[%emt 0:02:01]} 14. Nxe7 {[%emt 0:01:11]} Qxe7 {[%emt 0:00:09]} 15. O-O-O {[%emt 0:04:43]} Qe6 $14 {[%emt 0:10:13]} 16. Rhe1 {[%emt 0:07:49]} Ne4 {[%emt 0:01:26]} 17. Nxe4 {[%emt 0:03:06]} dxe4 {[%emt 0:00:15]} 18. Qa3 {[%emt 0:02:34]} f6 {[%emt 0:07:50]} 19. Bf4 {[%emt 0:01:29]} Nd5 {[%emt 0:00:28]} 20. Bh2 {[%emt 0:08:54]} Rh7 {[%emt 0:07:47]} 21. f3 {[%emt 0:06:05]} Rd7 {[%emt 0:03:22]} 22. Rd2 {[%emt 0:08:13]} a6 {[%emt 0:04:19]} 23. Qc5 {[%emt 0:02:28]} Re7 {[%emt 0:09:10]} 24. a3 {[%emt 0:07:07]} a5 {[%emt 0:02:50]} 25. Kb1 {[%emt 0:03:59]} a4 {[%emt 0:02:20]} 26. Bd6 {[%emt 0:01:06]} Rd7 {[%emt 0:00:12]} 27. Bg3 {[%emt 0:00:15]} Kf7 {[%emt 0:02:04]} 28. Rc2 {[%emt 0:04:31]} Ra6 {[%emt 0:03:17]} 29. Qc4 {[%emt 0:01:51]} b5 {[%emt 0:01:43]} 30. Qf1 {[%emt 0:00:12]} Rb6 {[%emt 0:00:08]} 31. fxe4 {[%emt 0:02:53]} Qxe4 {[%emt 0:00:08]} 32. Qf3 {[%emt 0:00:25]} Re7 {[%emt 0:01:09]} 33. Bf2 {[%emt 0:00:26]} b4 {[%emt 0:04:26]} 34. Qxe4 {[%emt 0:00:36]} Rxe4 {[%emt 0:00:05]} 35. axb4 {[%emt 0:00:29]} Nxb4 {[%emt 0:00:10]} 36. Rc3 {[%emt 0:00:31]} Ke6 {[%emt 0:02:21]} 37. Ra3 {[%emt 0:00:21]} Nd5 {[%emt 0:02:39]} 38. Rc1 {[%emt 0:01:54]} Ra6 {[%emt 0:02:01]} 39. Rc4 {[%emt 0:01:33]} Rg4 {[%emt 0:00:57]} 40. g3 {[%emt 0:00:24]} g5 {[%emt 0:00:36]} 41. hxg5 {[%emt 0:01:06]} fxg5 {[%emt 0:00:20]} 42. Raxa4 {[%emt 0:01:41]} Rxa4 {[%emt 0:00:35]} 43. Rxa4 {[%emt 0:00:02]} h4 {[%emt 0:00:28]} 44. gxh4 {[%emt 0:00:46]} gxh4 {[%emt 0:00:05]} 45. Rc4 {[%emt 0:03:14]} Kd7 {[%emt 0:04:19]} 46. Rc1 {[%emt 0:00:41]} h3 {[%emt 0:00:41]} 47. e4 {[%emt 0:05:02]} Nf4 {[%emt 0:01:27]} 48. Be3 {[%emt 0:00:38]} Nd3 {[%emt 0:02:39]} 49. Rh1 {[%emt 0:00:40]} Rg3 {[%emt 0:00:04]} 50. Bc1 {[%emt 0:00:33]} Nf2 {[%emt 0:00:11]} 51. Re1 {[%emt 0:00:24]} h2 {[%emt 0:00:13]} 52. Bf4 {[%emt 0:00:11]} Rg1 {[%emt 0:00:05]} 0-1

[Event "Panchenko Memorial-B 2021"]
[Site "Chelyabinsk"]
[Date "2021.09.20"]
[Round "9.5"]
[White "Petrova, Irina"]
[Black "Bodnaruk, Anastasia"]
[Result "0-1"]
[WhiteElo "2121"]
[BlackElo "2425"]
[Annotator "NA"]
[PlyCount "102"]
[EventDate "2021.09.13"]
[EventType "swiss"]
[EventCountry "RUS"]
[SourceTitle "playchess.com"]
[Source "ChessBase"]
[SourceQuality "1"]
[TimeControl "5400+30"]

1. e4 {[%emt 0:00:02]} c5 {[%emt 0:00:03]} 2. Nf3 {[%emt 0:00:05]} Nc6 {[%emt 0:00:04]} 3. Bb5 {[%emt 0:00:08]} g6 {[%emt 0:00:06]} 4. Bxc6 {[%emt 0:00:05]} dxc6 {[%emt 0:00:02]} 5. d3 {[%emt 0:00:09]} Bg7 {[%emt 0:00:13]} 6. Nc3 {[%emt 0:00:07]} Nf6 {[%emt 0:01:06]} 7. Be3 {[%emt 0:00:06]} b6 {[%emt 0:00:23]} 8. h3 {[%emt 0:00:07]} Nd7 {[%emt 0:01:19]} 9. Qd2 {[%emt 0:00:10]} h6 {[%emt 0:00:25]} 10. O-O {[%emt 0:00:20]} e5 {[%emt 0:01:19]} 11. Nh2 {[%emt 0:00:25]} Nf8 {[%emt 0:00:52]} 12. f4 {[%emt 0:00:41]} exf4 {[%emt 0:00:10]} 13. Bxf4 {[%emt 0:00:05]} Ne6 {[%emt 0:00:20]} 14. Be3 {[%emt 0:00:06]} Nd4 {[%emt 0:04:36]} 15. Nd1 {[%emt 0:00:09]} (15. e5 $5) 15... Be6 {[%emt 0:16:57]} 16. c3 {[%emt 0:01:13]} Nb5 {[%emt 0:00:04]} 17. Nf2 {[%emt 0:00:43]} Nd6 {[%emt 0:12:01]} 18. a4 {[%emt 0:05:21]} a5 {[%emt 0:04:02]} 19. Rae1 {[%emt 0:05:31]} Qc7 {[%emt 0:07:44]} 20. Nfg4 {[%emt 0:05:47]} (20. Nf3 $16) 20... O-O-O {[%emt 0:00:28]} 21. Bf4 {[%emt 0:13:01]} ({Of course not} 21. Bxh6 {[#]} Nc4 $1 $17) 21... h5 {[%emt 0:09:59]} 22. Nf2 $11 {[%emt 0:04:11]} Qa7 {[%emt 0:02:40]} 23. e5 {[%emt 0:15:19]} Nf5 {[%emt 0:01:44]} 24. b4 {[%emt 0:02:13]} c4 {[%emt 0:04:49]} 25. bxa5 {[%emt 0:08:13]} Qxa5 26. d4 {[%emt 0:01:05]} c5 {[%emt 0:13:45]} 27. g4 {[%emt 0:17:28]} hxg4 {[%emt 0:00:52]} 28. hxg4 {[%emt 0:00:03]} Ne7 {[%emt 0:04:20]} 29. Ne4 {[%emt 0:04:59]} cxd4 {[%emt 0:00:35]} 30. Nd6+ {[%emt 0:00:08]} Rxd6 {[%emt 0:01:02]} 31. exd6 {[%emt 0:00:05]} Nc6 {[%emt 0:02:08]} 32. Nf3 {[%emt 0:07:18]} Qxc3 {[%emt 0:06:08]} 33. Qg2 {[%emt 0:03:11]} Bd5 {[%emt 0:03:33]} 34. d7+ {[%emt 0:01:18]} Kd8 {[%emt 0:00:14]} 35. Re8+ {[%emt 0:03:03]} Rxe8 {[%emt 0:01:07]} 36. dxe8=Q+ {[%emt 0:00:05]} Kxe8 {[%emt 0:00:02]} 37. Qe2+ {[%emt 0:00:23]} Kd7 {[%emt 0:01:00]} 38. Re1 {[%emt 0:00:10]} Be6 {[%emt 0:00:28]} 39. Ne5+ {[%emt 0:01:13]} Nxe5 {[%emt 0:00:47]} 40. Bxe5 {[%emt 0:00:04]} Bxe5 {[%emt 0:02:15]} 41. Qxe5 {[%emt 0:00:05]} Qd2 {[%emt 0:00:44]} 42. Re4 {[%emt 0:01:09]} Qd1+ {[%emt 0:00:16]} 43. Kf2 {[%emt 0:00:26]} Qd2+ {[%emt 0:00:13]} 44. Kg3 {[%emt 0:00:38]} Qd3+ {[%emt 0:00:54]} 45. Kh4 {[%emt 0:01:00]} Ke7 {[%emt 0:00:38]} 46. Rxd4 {[%emt 0:00:29]} Qa3 {[%emt 0:00:19]} 47. Qc7+ {[%emt 0:00:32]} Kf6 {[%emt 0:00:33]} 48. Qf4+ {[%emt 0:02:44]} Kg7 {[%emt 0:00:20]} 49. Qe5+ {[%emt 0:01:26]} f6 {[%emt 0:00:33]} 50. Qg3 {[%emt 0:01:11]} Qc1 {[%emt 0:00:41]} 51. Rd6 {[%emt 0:00:42]} Qh6# {[%emt 0:00:04]} 0-1

[Event "Panchenko Memorial-B 2021"]
[Site "Chelyabinsk"]
[Date "2021.09.21"]
[Round "10.2"]
[White "Charochkina, Daria"]
[Black "Goltseva, Ekaterina"]
[Result "1-0"]
[WhiteElo "2307"]
[BlackElo "2286"]
[Annotator "ChessBase"]
[PlyCount "55"]
[EventDate "2021.09.13"]
[EventType "swiss"]
[EventCountry "RUS"]
[SourceTitle "playchess.com"]
[Source "ChessBase"]
[SourceQuality "1"]
[TimeControl "5400+30"]

1. d4 {[%emt 0:03:39]} Nf6 {[%emt 0:00:13]} 2. Bg5 {[%emt 0:00:26]} Ne4 {[%emt 0:02:40]} 3. Bf4 {[%emt 0:00:08]} d5 {[%emt 0:00:08]} 4. e3 {[%emt 0:00:06]} c5 {[%emt 0:00:35]} 5. Bd3 {[%emt 0:00:10]} Nf6 {[%emt 0:01:08]} 6. Nc3 {[%emt 0:00:05]} a6 {[%emt 0:05:09]} 7. dxc5 {[%emt 0:00:08]} Nc6 {[%emt 0:03:15]} 8. Nf3 {[%emt 0:00:22]} e6 {[%emt 0:05:33]} 9. O-O {[%emt 0:10:18]} Bxc5 {[%emt 0:01:07]} 10. e4 {[%emt 0:00:16]} d4 {[%emt 0:14:03]} 11. Ne2 {[%emt 0:02:02]} Nh5 {[%emt 0:08:28]} 12. e5 {[%emt 0:03:20]} Qc7 {[%emt 0:08:22]} 13. Re1 {[%emt 0:22:35]} h6 {[%emt 0:19:18]} 14. Bd2 {[%emt 0:01:54]} g5 {[%emt 0:00:47]} 15. Nexd4 {[%emt 0:14:37]} Nxd4 {[%emt 0:11:47]} 16. Nxd4 {[%emt 0:00:05]} Bxd4 {[%emt 0:00:12]} 17. Qxh5 {[%emt 0:00:05]} Bxb2 {[%emt 0:03:35]} 18. Rab1 {[%emt 0:00:07]} Bc3 {[%emt 0:03:38]} 19. Bxc3 {[%emt 0:00:37]} Qxc3 {[%emt 0:00:05]} 20. Re3 {[%emt 0:01:45]} Qc7 {[%emt 0:01:45]} 21. Be4 {[%emt 0:05:46]} Rb8 {[%emt 0:03:15]} 22. h4 {[%emt 0:01:57]} Bd7 {[%emt 0:01:43]} 23. hxg5 {[%emt 0:03:50]} Qxe5 {[%emt 0:00:17]} 24. Bc6 {[%emt 0:00:09]} hxg5 {[%emt 0:02:08]} 25. Bxd7+ {[%emt 0:00:53]} Ke7 {[%emt 0:00:04]} 26. Qxf7+ {[%emt 0:00:37]} Kxf7 {[%emt 0:00:05]} 27. Rxe5 {[%emt 0:00:08]} Rh6 {[%emt 0:00:28]} 28. Rbe1 {[%emt 0:03:31]} 1-0

[Event "Panchenko Memorial-B 2021"]
[Site "Chelyabinsk"]
[Date "2021.09.21"]
[Round "10.3"]
[White "Zhapova, Yana"]
[Black "Yakimova, Mariya"]
[Result "0-1"]
[WhiteElo "2212"]
[BlackElo "2185"]
[Annotator "ChessBase"]
[PlyCount "70"]
[EventDate "2021.09.13"]
[EventType "swiss"]
[EventCountry "RUS"]
[SourceTitle "playchess.com"]
[Source "ChessBase"]
[SourceQuality "1"]
[TimeControl "5400+30"]

1. e4 {[%emt 0:00:06]} c5 {[%emt 0:00:04]} 2. Nf3 {[%emt 0:00:46]} d6 {[%emt 0:00:05]} 3. d4 {[%emt 0:00:15]} cxd4 {[%emt 0:00:05]} 4. Nxd4 {[%emt 0:00:07]} Nf6 {[%emt 0:00:03]} 5. Nc3 {[%emt 0:00:18]} a6 {[%emt 0:00:04]} 6. g3 {[%emt 0:00:11]} e5 {[%emt 0:00:22]} 7. Nde2 {[%emt 0:00:15]} Be6 {[%emt 0:00:31]} 8. Bg2 {[%emt 0:01:10]} h5 {[%emt 0:07:51]} 9. h3 {[%emt 0:05:50]} Be7 {[%emt 0:11:54]} 10. Be3 {[%emt 0:02:30]} b5 {[%emt 0:02:40]} 11. f4 {[%emt 0:03:42]} Nbd7 {[%emt 0:04:12]} 12. O-O {[%emt 0:11:36]} Rc8 {[%emt 0:06:33]} 13. Nd5 {[%emt 0:20:57]} Nxd5 {[%emt 0:00:46]} 14. exd5 {[%emt 0:00:07]} Bf5 {[%emt 0:00:03]} 15. c3 {[%emt 0:00:28]} Bh7 {[%emt 0:00:13]} 16. Qd2 {[%emt 0:19:19]} Nf6 {[%emt 0:09:30]} 17. Rad1 {[%emt 0:03:25]} Qd7 {[%emt 0:04:47]} 18. Nc1 {[%emt 0:00:45]} e4 {[%emt 0:04:26]} 19. Nb3 {[%emt 0:09:54]} Bf5 {[%emt 0:00:53]} 20. Kh2 {[%emt 0:00:57]} h4 {[%emt 0:01:55]} 21. g4 {[%emt 0:00:27]} Bxg4 {[%emt 0:00:32]} 22. hxg4 {[%emt 0:00:25]} h3 {[%emt 0:15:02]} 23. Bh1 {[%emt 0:02:41]} Nxg4+ {[%emt 0:00:18]} 24. Kg1 {[%emt 0:00:13]} h2+ {[%emt 0:00:14]} 25. Kg2 {[%emt 0:00:15]} Ne5 {[%emt 0:07:52]} 26. f5 {[%emt 0:05:30]} Nf3 {[%emt 0:00:13]} 27. Rxf3 {[%emt 0:00:59]} exf3+ {[%emt 0:00:06]} 28. Kxf3 {[%emt 0:00:06]} Qxf5+ {[%emt 0:00:20]} 29. Ke2 {[%emt 0:00:24]} Kf8 {[%emt 0:03:24]} 30. Nd4 {[%emt 0:01:13]} Qh3 {[%emt 0:00:52]} 31. Rf1 {[%emt 0:03:20]} Bf6 {[%emt 0:00:36]} 32. Rf3 {[%emt 0:02:27]} Qg4 {[%emt 0:03:24]} 33. Kd1 {[%emt 0:01:41]} Re8 {[%emt 0:04:33]} 34. Kc2 {[%emt 0:01:38]} Qg1 {[%emt 0:01:28]} 35. Qc1 {[%emt 0:01:59]} Bxd4 {[%emt 0:00:50]} 0-1